000 00564nam a2200193 i 4500
001 98464
003 ES-MaACL
005 20230906182305.0
007 t|
008 050912s1915 po ||||1| por d
100 1 _aPascoais, Teixeira de (
_d1877-1952)
_989331
245 1 0 _aArte de ser português /
_cTeixeira de Pascoaes.
260 _aPorto :
_bRenascença Portuguesa,
_c[1915]
300 _a186 p. ;
_c14 cm.
490 1 _aCultura patriótica ;
_v1
830 0 _aCultura patriótica ;
_v1
_9232337
852 _aES-MaACL
_jG-2956
999 _c98464
_d98464